De ornatu et vestibus Aaronis, commentarii litterales, et morales in caput XXVIII Exodi, sive, Idea perfecti sacerdotis, et hominis christiani

Detalles Bibliográficos
Autor principal: Castillo y Artiga, Diego del ob. de Trujillo 1605-1670
Formato: Libro
Lenguaje:Latin
Publicado: Antuerpiae 1681
Materias:
Colección:Banco de datos
Acervo:Biblioteca Armando Olivares Carrillo de la Universidad de Guanajuato. Fondo Conventos
Descripción Física:[24] h., 478 p., [20] h. f°
Tema general:Biblia
Notas:Ex libris manuscrito: "Deel Br. Francisco Soares de... cura B.fr.... deel real... y año de la villa de Sousa... real y minas de Guanaxuato"
LEADER 00906nam a22001930004500
035 |a 550 
041 0 |a lat 
050 4 |a BS535  |b C3 
100 1 |a Castillo y Artiga, Diego del  |c ob. de Trujillo  |d 1605-1670 
245 1 0 |a De ornatu et vestibus Aaronis, commentarii litterales, et morales in caput XXVIII Exodi, sive, Idea perfecti sacerdotis, et hominis christiani  |c a Doctore D. Didaco del Castillo, et Artiga 
260 |a Antuerpiae  |b apud Hieronymum Verdussen  |c 1681 
300 |a [24] h., 478 p., [20] h.  |c f° 
500 |a Ex libris manuscrito: "Deel Br. Francisco Soares de... cura B.fr.... deel real... y año de la villa de Sousa... real y minas de Guanaxuato" 
650 1 0 |a Biblia 
740 0 |a Idea perfecti sacerdotis, et hominis christiani 
949 |a CO. 1067 
942 |c GUANAJUATO 
943 |g Biblioteca Armando Olivares Carrillo de la Universidad de Guanajuato. Fondo Conventos 
999 |c 1144507  |d 1144507